00665nam a2200157 a 450000100100000000500170001000800410002704000250006824500600009324600570015326000430021030000210025395201050027495201110037999900170049000003900720201002031445.0130513s20uu dr 000 0 spa d aDO-SdBNPbspacBNPHU00aReglamentos, resoluciones y normas sobre fideicomiso /.14aReglamentos, resoluciones y normas sobre fideicomiso aSanto Domingo :bEditora Dalis,c20uu. a280 p. ;c23 cm. 0010718PDaPDbPDcHDd2013-05-13iLF1l0o p39007-10r2020-06-25w2020-06-25yLFPDZNo se presta 0010718PDaPDbPDcHDd2014-05-29iLF1l0o p39007-20r2020-06-25te. 2w2020-06-25yLFPDZNo se presta c38497d38497